Find the Countries of Africa Quiz Stats

Quiz Updated Jul 13, 2016

Challenge
Share
Tweet
Score 0/54 Timer 10:00
1,551 Plays Today
% Correct
South Africa
86.9%
Madagascar
86.5%
Egypt
86.2%
Sudan
83.2%
South Sudan
82.6%
Morocco
81.8%
Algeria
81.1%
Democratic Republic of the Congo
80.9%
Libya
79.7%
Ethiopia
77.9%
Somalia
77.8%
Central African Republic
77.2%
Niger
76.7%
Chad
76.6%
Tunisia
75.1%
Nigeria
75%
Kenya
73.4%
Mozambique
73%
Eritrea
72.4%
Lesotho
72.2%
Mali
72%
Seychelles
70.6%
Swaziland
70.3%
Djibouti
70.1%
Rep. Congo
69.9%
Angola
69.3%
Namibia
69%
% Correct
Mauritania
68.6%
Equatorial Guinea
68.5%
Zimbabwe
68.3%
Cabo Verde
67.5%
Togo
67.5%
Botswana
66.9%
Rwanda
66.8%
Tanzania
66.6%
Uganda
66.6%
Benin
66.5%
Côte d'Ivoire
65.1%
Cameroon
64.9%
São Tomé and Príncipe
63.9%
Guinea
63.6%
Senegal
63.6%
Burkina Faso
63.1%
Zambia
63%
Comoros
62.9%
Ghana
62.8%
Malawi
61.5%
Sierra Leone
60.7%
Burundi
60.3%
Gabon
59.9%
Liberia
58.1%
Guinea-Bissau
57.8%
The Gambia
57.7%
Mauritius
57.4%

You're not logged in!

Compare scores with friends on all Sporcle quizzes.
Sign Up with Email
OR
Log In

You Might Also Like...

Show Comments

Extras

Top Quizzes Today


Score Distribution

Your Account Isn't Verified!

In order to create a playlist on Sporcle, you need to verify the email address you used during registration. Go to your Sporcle Settings to finish the process.